| 000 | 00595cam a22002173a 4500 | ||
|---|---|---|---|
| 001 | 37515 | ||
| 003 | PGUSA | ||
| 005 | 20140828083825.0 | ||
| 008 | 110923s2011||||xxu|||||s|||||000 | eng d | ||
| 040 |
_aPGUSA _beng |
||
| 042 | _adc | ||
| 100 | 1 |
_aWarner, Anne, _d1869-1913 |
|
| 245 | 1 | 0 |
_aIn a Mysterious Way _h[electronic resource] / _cAnne Warner |
| 260 |
_bProject Gutenberg, _c2011 |
||
| 506 | _aPublic domain in the USA. | ||
| 516 | _aElectronic text | ||
| 700 | 1 | _aMcFall, J. V. | |
| 830 | 0 |
_aProject Gutenberg _v37515 |
|
| 856 | 4 | 0 | _uhttp://www.gutenberg.org/ebooks/37515 |
| 942 | _cEB | ||
| 999 |
_c266769 _d266769 |
||